Cerita sahabat rimbaku,Sang Kancil

Bibliographic Details
Main Author: Shamsul Muzaffar
Format: Book
Published: KL : Edukid Pub. Sdn Bhd , 2015
Series:Chlidren age 7-9
Subjects:

MARC

LEADER 00000cam a2200000 7i4500
001 0000054965
005 20151112.0
008 151112
020 |a 9789673642946 
090 0 0 |a JF NH   |b MAL 
100 0 |a Shamsul Muzaffar 
245 1 0 |a Cerita sahabat rimbaku,Sang Kancil   |c Shamsul Muzaffar 
260 |a KL :   |b Edukid Pub. Sdn Bhd ,   |c 2015 
490 1 |a Chlidren age 7-9 
650 0 |a Children's stories, Malay 
999 |a 0001370309   |b Book   |c Children Collection   |e Cawangan Urban Transformation Centre 
999 |a 0001370310   |b Book   |c Children Collection   |e Cawangan Urban Transformation Centre 
999 |a 0001371257   |b Book   |c Children Collection   |e Cawangan Taman Universiti 
999 |a 0001371258   |b Book   |c Children Collection   |e Cawangan Tmn. Ungku Tun Aminah 
999 |a 0001371260   |b Book   |c Children Collection   |e Cawangan Mersing 
999 |a 0001371261   |b Book   |c Children Collection   |e Cawangan Sri Merlong 
999 |a 0001371262   |b Book   |c Children Collection   |e Cawangan Taman Sri Lambak 
999 |a 0001371263   |b Book   |c Teenagers   |e Cawangan Bandar Tenggara 
999 |a 0001371264   |b Book   |c Children Collection   |e Cawangan Bandar Penawar 
999 |a 0001371265   |b Book   |c Children Collection   |e Cawangan Pontian 
999 |a 0001371266   |b Book   |c Children Collection   |e Cawangan Tangkak 
999 |a 0001371267   |b Book   |c Children Collection   |e Cawangan Batu Pahat 
999 |a 0001371268   |b Book   |c Children Collection   |e Cawangan Segamat 
999 |a 0001371269   |b Book   |c Children Collection   |e Cawangan Bukit Gambir 
999 |a 000371269   |b Book   |c Children Collection   |e Cawangan Bukit Gambir